Recull de les conferències donades al Museu Arqueològic de Barcelona els anys 1988 i 1989
Descripción Física:
91 p. ; 30 cm
Otros Autores:
Museu Arqueològic de Barcelona
Materias:
Art prehistòric -- Espanya
MARC
| LEADER | 00000nam a2200000Ia 4500 | ||
|---|---|---|---|
| 001 | 15187 | ||
| 008 | 160829s9999 xx 000 0 cat d | ||
| 080 | |a B-2-30 | ||
| 245 | |a Recull de les conferències donades al Museu Arqueològic de Barcelona els anys 1988 i 1989 | ||
| 260 | |a [Barcelona] : |b Museu Arqueològic, Diputació de Barcelona, [1989?] | ||
| 300 | |a 91 p. ; |c 30 cm | ||
| 590 | |a A la portada: Art paleolític i postpaleolític. | ||
| 590 | |a Bibliografia | ||
| 650 | |a Art prehistòric |x Espanya |9 28948 | ||
| 700 | |a Museu Arqueològic de Barcelona | ||
| 901 | |a Arxiu | ||
| 942 | |n 1 | ||
| 952 | |0 0 |1 0 |4 0 |6 B230 |7 1 |9 44982 |a Arxiu |b Arxiu |d 2016-12-01 |l 0 |o B-2-30 |p 15187 |r 2016-12-01 00:00:00 |w 2016-12-01 |y ARXIU | ||
| 999 | |c 47585 |d 47585 | ||